000
00292nam a22001337a 4500
008
181217b xxu||||| |||| 00| 0 eng d
020
_a
0812905660
041
_a
eng
080
_a
038
100
_a
23
101
_a
FJA
245
_a
Reverse Dictionary
_c
Bernstein, Th, M
942
_2
udc
_c
BK
999
_c
53260
_d
53260